| 000 | 00834cad a22001935a 4500 | ||
|---|---|---|---|
| 001 | L154432 | ||
| 008 | 111130s2011 xxk f 000 0 eng d | ||
| 035 | _a(Sirsi) u154432 | ||
| 041 | 0 | _aeng | |
| 110 | 2 |
_aOffice for Nuclear Regulation _95994 |
|
| 245 | 0 | 0 |
_aJapanese earthquake and tsunami _bImplications for the UK nuclear industry, final report _h[electronic resource] |
| 260 |
_aHSE _c2011 |
||
| 520 | _aAn analysis of the Fukushima Dai-ichi accident reveals no fundamental safety weaknesses in the UK's nuclear industry but concludes that by learning lessons it can be made even safer. | ||
| 590 | _aKA | ||
| 651 | 4 | _aUnited Kingdom | |
| 690 | _aENVIRONMENTAL AND LAND CONSULTANCY-ENERGY | ||
| 856 | 4 | 0 |
_uhttps://www.hse.gov.uk/nuclear/fukushima/final-report.pdf _zView the item free of charge at www.hse.gov.uk |
| 942 | _n0 | ||
| 999 |
_c112985 _d112985 |
||